01432nam a2200337 i 4500001001000000003000900010005001700019007000300036008004100039040003000080041000800110082002700118100006400145245008300209250004000292264003500332300005200367336002900419337003500448338002900483500005700512500007300569504003200642590002600674650004300700910003700743942001400780952013900794952014400933999001701077000044215DO-SdBNP20241002131452.0ta140610s2009 dr r 000 0 spa d aDO-SdBNPbspacBNPHUerda aspa 4a001.42bR696m 20092221 aRodríguez Castillo, Príamo,d1943-9722184aut. eautor10aMetodología de la investigación aplicada /cPríamo Rodríguez Castillo. a9na. Edición corregida y ampliada 1aSanto Domingo :bUtesa,c2009. aXVIII, 268 páginas :bilustraciones,c23 cm. atexto btxt2rdacontent  asin mediación bn 2rdamedia avolumen bnc2rdacarrier aIncluye datos biográficos del autor en las solapas aIncluye referencias bibliográficas y notas al pie de las páginas aBibliografía : p. 261-264 aInventariado, 2020/BT 4aInvestigación xMetodología986655 aValidado. Control de calidad MFF 2ddccLBS1 00102ddc51708PDaBNPHUbBNPHUcHDd2014-06-10l0oBNPHU PD 001.42 R696m 2009p44215-10r2020-06-25w2020-06-25yLBS1ZNo se presta 00102ddc51708PDaBNPHUbBNPHUcHDd2014-06-10l0oBNPHU PD 001.42 R696m 2009p44215-20r2020-06-25te.2w2020-06-25yLBS1ZNo se presta c43704d43704